Viajes por el tiempo : otras perplejidades matemáticas /

Las matemáticas pueden ser divertidas cuando nos llegan de la mano de un maestro indiscutible de los juegos y problemas matemáticos como Martin Gardner. Los viajes por el tiempo, los tangrams, las máquinas de composición musical, el arte anamórfico, el problema de la cuerda de goma, el poliedro de C...

Descripción completa

Guardado en:
Autor Principal: Gardner, Martín, 1988.
Formato: Libro
Idioma:Undetermined
Publicado: Buenos Aires : RBA, 1988.
Edición:1era ed.
Series:Biblioteca Desafíos Matemáticos
Materias:
Etiquetas: Agregar Etiqueta
Sin Etiquetas, Sea el primero en etiquetar este registro!
LEADER 01316nam a22002055a 4500
001 CEM.cems025241
008 260623s1988####ag############000#0#und#d
005 20260623122357.0
245 1 0 |a Viajes por el tiempo :  |b otras perplejidades matemáticas /  |c Martín Gardner. 
250 |a 1era ed. 
260 |a Buenos Aires :  |b RBA,  |c 1988. 
300 |a 294 p. ;  |c 20 cm. 
490 1 |a Biblioteca Desafíos Matemáticos 
520 |a Las matemáticas pueden ser divertidas cuando nos llegan de la mano de un maestro indiscutible de los juegos y problemas matemáticos como Martin Gardner. Los viajes por el tiempo, los tangrams, las máquinas de composición musical, el arte anamórfico, el problema de la cuerda de goma, el poliedro de Császár, los mosaicos, los mapas, las figuras geométricas, los números de Catalan, los juegos con la calculadora… Todo esto y mucho más tiene cabida en este estupendo libro que reúne algunos de los mejores problemas y juegos matemáticos publicados por Martin Gardner en la revista Scientific American. Un compendio de desafíos lúdicos para ejercitar nuestras habilidades matemáticas. 
020 |a 9788447354399 
100 1 |a Gardner, Martín,  |d 1988. 
082 0 4 |a 510.7 
653 |a Matematicas 
653 |a Ciencias 
859 |a CEMS  |b BIB. CEMS - Agricultura  |h 510.7  |i G171  |p A4186.26  |t Ej.1